000 00900cam a22002533a 4500
001 26923
003 PGUSA
005 20140828083600.0
008 081014s2008||||xxu|||||s|||||000 | eng d
040 _aPGUSA
_beng
042 _adc
050 4 _aRG
100 1 _aUnited States. Office of Civil Defense
245 1 0 _aEmergency Childbirth :
_bA Reference Guide for Students of the Medical Self-help Training Course, Lesson No. 11
_h[electronic resource] /
_cUnited States. Office of Civil Defense
260 _bProject Gutenberg,
_c2008
506 _aPublic domain in the USA.
516 _aElectronic text
653 _aLabor (Obstetrics) -- Handbooks, manuals, etc.
653 _aDelivery (Obstetrics) -- Handbooks, manuals, etc.
653 _aChildbirth -- Handbooks, manuals, etc.
830 0 _aProject Gutenberg
_v26923
856 4 0 _uhttp://www.gutenberg.org/ebooks/26923
942 _cEB
999 _c256178
_d256178